Non-Chordate Zoology (Record no. 246036)

MARC details
000 -LEADER
fixed length control field 00269pam a2200145 a 4500
020 ## - INTERNATIONAL STANDARD BOOK NUMBER
Terms of availability
041 ## - LANGUAGE CODE
Language code of original
100 ## - MAIN ENTRY--PERSONAL NAME
Personal name Dr. Kishore Pawar
245 ## - TITLE STATEMENT
Title Non-Chordate Zoology
250 ## - EDITION STATEMENT
Edition statement IIIrd
260 ## - PUBLICATION, DISTRIBUTION, ETC.
Date of publication, distribution, etc. 1998
300 ## - PHYSICAL DESCRIPTION
Extent 151
653 ## - INDEX TERM--UNCONTROLLED
Uncontrolled term Zoology
930 ## - EQUIVALENCE OR CROSS-REFERENCE-UNIFORM TITLE HEADING [LOCAL, CANADA]
Uniform title 183
Holdings
Withdrawn status Lost status Damaged status Not for loan Collection Home library Current library Date acquired Total Checkouts Full call number Barcode Date last seen Copy number Price effective from Koha item type
          Institute of Environment Education & Research, Pune Institute of Environment Education & Research, Pune 19/09/2011   EVP-1168 03/04/2023 1 03/04/2023 Book